| 000 | 01086nam a22003137a 4500 | ||
|---|---|---|---|
| 003 | CHAP | ||
| 005 | 20220329134414.0 | ||
| 008 | 971013s1984 r 00010 d | ||
| 010 | _a20047 | ||
| 011 | _a21019 | ||
| 035 | _a25108 | ||
| 040 | _cCHAP | ||
| 090 | _aTesis | ||
| 100 | 0 | 0 |
_aBonilla Lagos, José Amílcar. _913705 |
| 245 | _aEvaluación del sexado por patrones de emplume comparado con cariotipo y sexo cromatina en pollos de engorda | ||
| 260 |
_aMonterrey, N. L. : _bEl autor, _c1984 |
||
| 300 |
_a39 h. _b: ilus. |
||
| 502 | _aTesis (Ing. Agr. Zootecnista) -- ITESM. División de Ciencias Agropecuarias y Marítimas | ||
| 590 |
_aALEPH _b10 _c20130110 _lUCH01 _h1243 |
||
| 590 |
_aBATCH-UPD _b10 _c20130110 _lUCH01 _h0319 |
||
| 590 |
_aBATCH-UPD _b10 _c20130110 _lUCH01 _h2250 |
||
| 590 |
_aBATCH-UPD _b10 _c20130409 _lUCH01 _h2351 |
||
| 590 |
_aBATCH-UPD _b10 _c20130914 _lUCH01 _h0442 |
||
| 590 |
_aCONVERSION _b10 _c20130109 _lUCH01 _h1312 |
||
| 650 | 1 | 4 |
_aAves de corral _xSexaje. _98682 |
| 901 | _aBK | ||
| 942 | _cTESIS | ||
| 949 |
_bBC _cTES _d-57946 _eTS1 _h17836 _i25108 _si |
||
| 999 |
_c20047 _d20047 |
||